ARRUPE JESUIT UNIVERSITY

CORONAVIRUS -STOP THE SPREAD - CLEAN,DISINFECT,COVER

The study of man; (Record no. 90)

MARC details
000 -LEADER
fixed length control field 00731nam a22002411 4500
001 - CONTROL NUMBER
control field 1220185
005 - DATE AND TIME OF LATEST TRANSACTION
control field 20170927102049.0
008 - FIXED-LENGTH DATA ELEMENTS--GENERAL INFORMATION
fixed length control field 731016s1936 nyu b 000 0 eng
010 ## - LIBRARY OF CONGRESS CONTROL NUMBER
LC control number 50011774
040 ## - CATALOGING SOURCE
Original cataloging agency DLC
Transcribing agency DLC
Modifying agency DLC
050 00 - LIBRARY OF CONGRESS CALL NUMBER
Classification number GN24
Item number .L56 1936a
082 00 - DEWEY DECIMAL CLASSIFICATION NUMBER
Classification number 573
100 1# - MAIN ENTRY--PERSONAL NAME
Personal name Linton, Ralph,
Dates associated with a name 1893-1953.
9 (RLIN) 36286
245 14 - TITLE STATEMENT
Title The study of man;
Remainder of title an introduction.
250 ## - EDITION STATEMENT
Edition statement Student's ed.
260 ## - PUBLICATION, DISTRIBUTION, ETC. (IMPRINT)
Place of publication, distribution, etc New York,
Name of publisher, distributor, etc D. Appleton-Century Co.
Date of publication, distribution, etc [c1936]
300 ## - PHYSICAL DESCRIPTION
Extent ix, 503 p.
Dimensions 22 cm.
490 0# - SERIES STATEMENT
Series statement The Century social science series
504 ## - BIBLIOGRAPHY, ETC. NOTE
Bibliography, etc Bibliography: p. 491-497.
650 #0 - SUBJECT ADDED ENTRY--TOPICAL TERM
Topical term or geographic name as entry element Anthropology.
9 (RLIN) 36287
906 ## - LOCAL DATA ELEMENT F, LDF (RLIN)
a 7
b cbc
c orignew
d u
e ocip
f 19
g y-gencatlg
942 ## - ADDED ENTRY ELEMENTS (KOHA)
Source of classification or shelving scheme Library of Congress Classification
Item type Monograph ( Printed materials)
Holdings
Withdrawn status Lost status Source of classification or shelving scheme Damaged status Not for loan Collection code Home library Current library Shelving location Date acquired Total Checkouts Full call number Barcode Date last seen Copy number Price effective from Koha item type
    Library of Congress Classification     Main Collection ARRUPE LIBRARY ARRUPE LIBRARY   27/02/2013   GN24.L56 46400375 09/04/2018 1 27/02/2013 Monograph ( Printed materials)

 

Arrupe Library. PO Box MP320 Mt Pleasant, Harare, Zimbabwe
263 242 745411|librarian@aju.ac.zw